Echanges commerciaux: de nouvelles formes de compensation.
Stará a nová definícia kompenzácie. Priemyselný kompenzačný obchod - tovar za investície (offsets - spätná kúpa). Kompenzačná výmena Juh - Juh. Príklady rozličných krajín. Prenikanie tovarov spracovateľského priemyslu. Obnovená úloha ropy. Prostriedok ako uhradiť dlh. (L'Observateur de l'OCDE 1990,...
Enregistré dans:
| Auteur principal: | |
|---|---|
| Format: | Chapitre de livre |
| Langue: | français |
| Sujets: | |
| Tags: |
Pas de tags, Soyez le premier à ajouter un tag!
|
MARC
| LEADER | 00000naa a2200000 4500 | ||
|---|---|---|---|
| 001 | r004101 | ||
| 005 | 20221125091601.0 | ||
| 041 | 0 | |a fre | |
| 044 | |a FR | ||
| 245 | 1 | 0 | |a Echanges commerciaux: de nouvelles formes de compensation. |c M. Wülker-Mirbach |
| 520 | |a Stará a nová definícia kompenzácie. Priemyselný kompenzačný obchod - tovar za investície (offsets - spätná kúpa). Kompenzačná výmena Juh - Juh. Príklady rozličných krajín. Prenikanie tovarov spracovateľského priemyslu. Obnovená úloha ropy. Prostriedok ako uhradiť dlh. (L'Observateur de l'OCDE 1990, č.163.). | ||
| 610 | 2 | 0 | |a obchod kompenzačný |
| 610 | 2 | 0 | |a investície |
| 610 | 2 | 0 | |a tovar priemyselný |
| 610 | 2 | 0 | |a priemysel spracovateľský |
| 610 | 2 | 0 | |a ropa |
| 100 | 1 | |a Wülker-Mirbach, M. | |